| 000 | 01087nam a2200289Ia 4500 | ||
|---|---|---|---|
| 003 | OSt | ||
| 005 | 20221007123331.0 | ||
| 006 | a|||||r|||| 00| 0 | ||
| 007 | ta | ||
| 008 | 221006b |||||||| |||| 00| 0 eng d | ||
| 020 |
_a8173192774 (hbd) _cRs.675.00 |
||
| 024 | _a7436 | ||
| 037 |
_bNarosa, _cTextual |
||
| 040 |
_aPAPL _cPAPL _beng |
||
| 041 |
_2eng _aeng |
||
| 082 | _aC:(B), P0;1 | ||
| 100 |
_aKaushal R S _982428 |
||
| 245 | 0 |
_aAdvanced methods of mathematical physics by R S Kaushal and D Parashar _b Parashar D |
|
| 260 |
_aNew _bDelhi Narosa Publishing House _c2000 |
||
| 300 |
_axviii,508p _ccm. |
||
| 500 | _aAppendix A1-A7 470-498p; Bibliography 499-501p; Index 503-508p; ^n23/CSL/Carpa/00-01/OTSG/615; 2001-02-14^mPurchase; ; 2000-2001/646^b2001-02-22^c54798^d2001-02-19^eRs.1,215.00^fNarosa Book Distributors Private Limited; ; 2001-03-07^bSB^c2001-03-22^dRPS | ||
| 650 | _a Mathematics | ||
| 650 | _aPhysics | ||
| 700 | _a Parashar D | ||
| 942 |
_hC:(B), P0;1 _cTEXL _2CC |
||
| 999 |
_c1211710 _d1211710 |
||